Capitals of Dependent Territories and Unrecognized States - Statistics

General Stats
  • This quiz has been taken 103 times
  • The average score is 38 of 68
Answer Stats
Country Territory Capital % Correct
United Kingdom Isle of Man Douglas
79%
United Kingdom Gibraltar Gibraltar
79%
Denmark Greenland Nuuk
79%
United States Puerto Rico San Juan
77%
France French Guiana Cayenne
74%
China Hong Kong Hong Kong
74%
China Macau Macau
74%
United Kingdom Bermuda Hamilton
72%
United Kingdom Falkland Islands Stanley
72%
France French Polynesia Pape'ete
69%
United Kingdom Guernsey Saint Peter Port
69%
United Kingdom Pitcairn Islands Adamstown
67%
United Kingdom Turks and Caicos Islands Cockburn Town
67%
United Kingdom Ascension Georgetown
67%
United Kingdom Cayman Islands George Town
67%
United Kingdom Jersey Saint Helier
67%
Moldova Transnistria Tiraspol
67%
Denmark Faroe Islands Tórshavn
67%
Norway Svalbard Longyearbyen
64%
United Kingdom British Virgin Islands Road Town
64%
United States Northern Mariana Islands Saipan
64%
Spain Canary Islands Santa Cruz de Tenerife and Las Palmas
64%
Netherlands Aruba Oranjestad
62%
Netherlands Sint Eustatius Oranjestad
62%
United States American Samoa Pago Pago
62%
France Saint Pierre and Miquelon Saint-Pierre
62%
United States US Virgin Islands Charlotte Amalie
59%
Australia Christmas Island Flying Fish Cove
59%
United Kingdom Saint Helena Jamestown
59%
Australia Norfolk Island Kingston
59%
United Kingdom Montserrat Plymouth, Brades, Little Bay
59%
United Kingdom Anguilla The Valley
59%
New Zealand Cook Islands Avarua
56%
United Kingdom British Indian Ocean Territory Diego Garcia
56%
Portugal Madeira Funchal
56%
United States Guam Hagåtña
56%
Finland Åland Islands Mariehamn
56%
France Wallis and Futuna Mata'utu
56%
France New Caledonia Nouméa
56%
Netherlands Curaçao Willemstad
56%
New Zealand Niue Alofi
54%
France Guadeloupe Basse-Terre
54%
France Saint Barthélemy Gustavia
54%
Netherlands Sint Maarten Philipsburg
54%
United Kingdom Tristan da Cunha Edinburgh of the Seven Seas
51%
France Martinique Fort-de-France
51%
United Kingdom South Georgia and South Sandwich Islands King Edward Point
51%
Netherlands Bonaire Kralendijk
51%
Cyprus/Turkey Northern Cyprus Nicosia
51%
France Réunion Saint-Denis
51%
France Mayotte Mamoudzou
49%
Netherlands Saba The Bottom
49%
Australia Cocos (Keeling) Islands West Island
49%
Somalia Somaliland Hargeisa
46%
Morocco Western Sahara Laâyoune
46%
United Kingdom Akrotiri and Dhekelia Episkopi Cantonment
41%
New Zealand Tokelau Fakaofo, Nukunonu, Atafu
41%
Chile Easter Island Hanga Roa
41%
Georgia Abkhazia Sukhumi
41%
Portugal Azores Ponta Delgada
38%
Georgia South Ossetia Tskhinvali
38%
France Saint Martin Marigot
36%
Azerbaijan Artsakh Stepanakert
36%
France French Southern and Antarctic Lands Port-aux-Français
33%
New Zealand Chatham Islands Waitangi
23%
Norway Jan Mayen Olonkinbyen
13%
Ecuador Galápagos Islands Puerto Baquerizo Moreno
10%
Brazil Fernando de Noronha Vila dos Remédios
8%
No matching quizzes found
Score Distribution
Percent of People with Each Score
Percentile by Number Answered
Your Score History
You have not taken this quiz